00788nam a22002177a 450000500170000001000140001702000260003103500130005703700130007008200110008310000310009424500920012526000470021727000460026430000250031050000400033570000290037594200250040499900170042995201240044620100730151430.0 aENG-97482 a9788184502589c990.00 aEN-81015 bDBAD/PUB a488.07 aPrusty, Pramod Kumar92732 aCreative method of teaching english / cby Pramod Kumar Prusty [and] Jagannath Mohanty  aNew DelhibDeep and Deep Publicationc2010 aF-129, Rajouri Garden bNew Delhie110027 axii, 250pc23cm (Hb) aIncludes bibliographical refrences  aMohanty, Jagannath92733 2ddccENh488.07mPRU c38294d38294 001040718NFICaDBADbDBADd2010-07-30eDBAD/PUBg990.00l0o488.07 PRUpEN-81015r2010-07-30 00:00:00t1v990.00yEN